| 000 -ლიდერი |
| ფიქსირებული სიგრძის საკონტროლო ველი |
00591nam a22001937a 4500 |
| 003 - საკონტროლო ნომრის იდენტიფიკატორი |
| საკონტროლო ველი |
Ge_BSU |
| 005 - ბოლო ოპერაციის თარიღი და დრო |
| საკონტროლო ველი |
20240516163726.0 |
| 008 - ფიქსირებული სიგრძის მონაცემთა ელემენტები - ზოგადი ინფორმაცია |
| ფიქსირებული სიგრძის საკონტროლო ველი |
240516s2004 enk||||| |||| 00| 0 eng d |
| 020 ## - წიგნის საერთაშორისო სტანდარტული ნომერი |
| International Standard Book Number |
9780781736503x |
| 041 ## - ენის კოდი |
| Language code of text/sound track or separate title |
eng |
| 080 ## - უნივერსალური ათობითი კლასიფიკაციის ინდექსი |
| Universal Decimal Classification number |
616.15 W-70 |
| 245 ## - ცნობა სათაურის შესახებ |
| Title |
Wintrobe's Clinical Hematology : Volume 2. |
| Remainder of title |
|
| Statement of responsibility, etc |
|
| 250 ## - გამოცემის ცნობა |
| Edition statement |
Eleventh Edition |
| 264 ## - წარმოების, გამოცემის, დისტრიბუციის და სხვა ცნობები |
| გამოცემის, წარმოების, დისტრიბუციის... ადგილი |
Philadelphia: |
| გამოცემის, წარმოების, დისტრიბუციის... სახელწოდება |
Lippincott Williams & Wilkins, |
| გამოცემის, წარმოების, დისტრიბუციის... თარიღი |
2004. |
| 300 ## - ფიზიკური აღწერა |
| Extent |
2706 p.; |
| Other physical details |
29 cm. |
| 653 ## - INDEX TERM--UNCONTROLLED |
| Uncontrolled term |
კლინიკური ჰემატოლოგია |
| 653 ## - INDEX TERM--UNCONTROLLED |
| Uncontrolled term |
მრდიცინა |
| 942 ## - ADDED ENTRY ELEMENTS (KOHA) |
| Source of classification or shelving scheme |
|
| Koha item type |
წიგნი |